• 首页
  • 本馆介绍
  • 公告通知
  • 最新文献
  • 馆藏检索
  • 电子资源
  • 读者导购
  • 参考咨询
  • 我的图书馆
  • 登录
  • 详细信息显示
  • 放入我的书架
  • 预约/预借图书
  • 作者相关作品
  • 分类相关作品
  • 丛书相关作品
  • 出版社相关作品

书目信息

  • 表格格式
  • 工作单格式
  • 卡片格式
题名:
中华艺术论丛
    
 
作者: 朱恒夫 , 聂圣哲 主编
分册: 第25辑   “新中国戏曲发展史研究”专辑
出版信息: 上海   上海大学出版社  2021.09
页数: 324页
开本: 26cm
丛书名:
单 册:
中图分类: J052 , J809.2-53
科图分类:
主题词: 艺术评论--yi shu ping lun--中国--文集 , 戏曲史--xi qu shi--中国--文集
电子资源:
ISBN: 978-7-5671-4317-3
000 01188nam 2200289 450
001 CAL 0120217283623
005 20230303120717.38
010    @a978-7-5671-4317-3@dCNY68.00
100    @a20211127d2021 em y0chiy0120 ea
101 0  @achi
102    @aCN@b310000
105    @ay a 000yy
106    @ar
200 1  @a中华艺术论丛@Azhong hua yi shu lun cong@h第25辑@i“新中国戏曲发展史研究”专辑@f朱恒夫, 聂圣哲主编
210    @a上海@c上海大学出版社@d2021.09
215    @a324页@d26cm
320    @a有书目
330    @a本专辑约请了十多位戏曲专家回顾了70多年来新中国戏曲的发展历程, 总结可以借鉴的经验, 寻找失败的原因, 揭示在新的社会制度中戏曲发展的规律, 其中不少论文能从新的视角, 探索振兴戏曲的正确途径, 许多观点颇有新意与创见, 对今日戏曲振兴有所启发, 对提高观众的欣赏水平有所裨益。
517 1  @a“新中国戏曲发展史研究”专辑@A“ xin zhong guo xi qu fa zhan shi yan jiu ” zhuan ji
606 0  @a艺术评论@Ayi shu ping lun@y中国@j文集
606 0  @a戏曲史@Axi qu shi@y中国@j文集
690    @aJ052@v5
690    @aJ809.2-53@v5
701  0 @a朱恒夫@Azhu heng fu@4主编
701  0 @a聂圣哲@Anie sheng zhe@4主编
801  0 @aCN@bBJXHZP@c20230228
905    @b1386535-8@dJ052@e701:25@f4
    
    中华艺术论丛.第25辑.“新中国戏曲发展史研究”专辑/朱恒夫, 聂圣哲主编.-上海:上海大学出版社,2021.09
    324页;26cm
    
    
    ISBN 978-7-5671-4317-3:CNY68.00
    本专辑约请了十多位戏曲专家回顾了70多年来新中国戏曲的发展历程, 总结可以借鉴的经验, 寻找失败的原因, 揭示在新的社会制度中戏曲发展的规律, 其中不少论文能从新的视角, 探索振兴戏曲的正确途径, 许多观点颇有新意与创见, 对今日戏曲振兴有所启发, 对提高观众的欣赏水平有所裨益。
●
相关链接 在E读中查询图书 在五车中查询图书 在当当中查询图书 在豆瓣中查询图书


正题名:中华艺术论丛     索取号:J052/701:25         预约/预借

序号 登录号 条形码 馆藏地/架位号 状态 备注
1 1386535   213865352   第一样本阅览室/ [索取号:J052/701:25] 在馆    
2 1386536   213865361   第一借阅区/ [索取号:J052/701:25] 在馆    
3 1386537   213865370   第一借阅区/ [索取号:J052/701:25] 在馆    
4 1386538   213865389   第一借阅区/ [索取号:J052/701:25] 在馆    
唐山师范学院图书馆 欢迎您!
大连网信软件有限公司© 版权所有